Central Library and Information Centre
Sibsagar Girls' College, Sivasagar : Assam

ENGLISH LITERARY CRITICISM: 17TH AND 18TH CENTURIES (Record no. 953)

MARC details
000 -LEADER
fixed length control field 00440cam a2200169ua 4500
008 - FIXED-LENGTH DATA ELEMENTS--GENERAL INFORMATION
fixed length control field 160701n nyu |||gr||||Z||||||eng
040 ## - CATALOGING SOURCE
Original cataloging agency MAIN
041 ## - LANGUAGE CODE
-- English
082 ## - DEWEY DECIMAL CLASSIFICATION NUMBER
Classification number 809 ATK
100 ## - MAIN ENTRY--PERSONAL NAME
Personal name ATKINS, J.W.H.,
Relator term AUTHOR.,
245 ## - TITLE STATEMENT
Title ENGLISH LITERARY CRITICISM: 17TH AND 18TH CENTURIES
260 ## - PUBLICATION, DISTRIBUTION, ETC.
Place of publication, distribution, etc. LONDON:
Name of publisher, distributor, etc. METHUEN & CO.LTD. LONDON.,
Date of publication, distribution, etc. 1963.
300 ## - PHYSICAL DESCRIPTION
Extent 383:
Dimensions 20CM.
942 ## - ADDED ENTRY ELEMENTS (KOHA)
Koha item type Books
653 ## - INDEX TERM--UNCONTROLLED
Uncontrolled term Criticism Literature
Holdings
Withdrawn status Lost status Damaged status Not for loan Collection code Home library Current library Shelving location Date acquired Full call number Barcode Date last seen Copy number Price effective from Koha item type Public note
        TBENG Central Library and Information Centre Sibsagar Girls College Central Library and Information Centre Sibsagar Girls College ENGLISH BOOK RACK 07.04.1968 809 ATK 01041 27.02.2020 1 27.02.2020 Books V


Sibsagar Girl's College © 2020. All rights reserved.
Powered by Koha.
Maintained by Abhijit Borpuzari.